000 00525nam a2200145 a 4500
001 000044936
005 20201002045738.0
008 150120s2002 dr c 000 0 spa d
040 _aDO-SdBNP
_bspa
_cBNPHU
245 0 0 _aPropuesta programática Trienio 2002-2005 Roberto Reina /
_cRoberto Reyna; edición Julio Alberto Melo Mercado.
260 _aSanto Domingo :
_bAlianza Académico,
_c2002.
300 _a132 p. :
_bil., retrs. ;
_c32 cm.
700 1 2 _aMelo Mercado, Julio Alberto
_eed.
_972952
700 1 2 _aReyna, Roberto
_972953
999 _c44425
_d44425